000
00200 a2200109 4500
020
_a
9879992233359
041
_a
spa
100
_a
Santillana
245
_a
Caligrafia 4to
942
_c
BK
952
_7
1
999
_c
21475
_d
21475